La Responsabilidad de los Servidores Pb︢licos y el Sistema Anticorrupcin̤ en el Estado de Veracruz de Ignacio de la Llave

Detalles Bibliográficos
Autor principal: ℓlvarez Montero, Jos ̌Lorenzo
Formato: eBook
Lenguaje:español
Publicado: Veracruz: Universidad de Xalapa, 2018
Materias:
Acceso en línea:Acceso restringido

MARC

LEADER 00000nam a22000007a 4500
005 20190406000055.0
007 cr|||| ||||
008 190406s2018 mx |||||s|||| 00||0 spa d
020 |a 978-607-8156-75-7 
035 |a 23137 
040 |a vLex 
090 |c 8571  |d 8571 
100 1 |a ℓlvarez Montero, Jos ̌Lorenzo 
245 1 2 |a La Responsabilidad de los Servidores Pb︢licos y el Sistema Anticorrupcin̤ en el Estado de Veracruz de Ignacio de la Llave  |h [Recurso electrn̤ico] /  |c Jos ̌Lorenzo ℓlvarez Montero 
256 |a Servicio en ln̕ea 
260 |a Veracruz:  |b Universidad de Xalapa,  |c 2018 
300 |a 1 recurso electrn̤ico 
506 1 |a Disponible solo en los productos indicados  |d vLex Global  |d vLex Global (Academic Edition, excluding Law Schools)  |d vLex Global (U.S. Academic Edition, Law Schools)  |d vLex Global (U.S. Academic Edition, excluding Law Schools)  |d vLex Global (Academic Edition, Law Schools) 
650 0 4 |a Derecho Constitucional  |z Mx̌ico 
740 0 |a vLex Libros (Servicio en ln̕ea) 
856 4 0 |u http://vlex.com/source/responsabilidad-de-los-servidores-publicos-y-el-sistema-anticorrupcion-en-el-estado-de-veracruz-de-ignacio-de-la-llave-23137  |z Acceso restringido 
942 |c BOOK 
999 0 |a Constitutional right